000 00428pab a2200169 454500
008 180718b2008 xxu||||| |||| 00| 0 eng d
100 _aChapman, Ralph
245 _aTransitioning to low-carbon urban form and transport in New Zealand
260 _c2008
300 _ap.89-98.
362 _aJun
650 _aTransport - New Zealand
650 _aTransport
773 _aPolitical Science
908 _aN
909 _a80444
999 _c80444
_d80444